| 000 | 00403nam a22001457a 4500 | ||
|---|---|---|---|
| 999 |
_c9065 _d9065 |
||
| 003 | GBCCL | ||
| 005 | 20241126110704.0 | ||
| 008 | 220330b ||||| |||| 00| 0 eng d | ||
| 040 | _cGBC | ||
| 082 |
_aVER 248.4 _bKAL |
||
| 245 |
_aKalbi : _bKhristian lungput thaksak thukup / _cedited by Tualsonding Hangzo et.al. |
||
| 260 |
_aLamka : _bReboot Lamka, _c2022. |
||
| 300 | _a212p. ; | ||
| 942 |
_2ddc _cBK _02 |
||